Countries Outside OPEC With Oil Reserves 🛢️ - Statistics

General Stats
  • This quiz has been taken 54 times
  • The average score is 7 of 11
Answer Stats
Barrels Country % Correct
74,000,000,000 United States
98%
170,000,000,000 Canada
95%
26,000,000,000 China
88%
8,100,000,000 Norway
83%
4,600,000,000 India
79%
7,800,000,000 Angola
57%
8,300,000,000 Ecuador
48%
25,000,000,000 Qatar
43%
4,400,000,000 Vietnam
43%
11,000,000,000 Guyana
36%
30,000,000,000 Somalia
24%
No matching quizzes found
Score Distribution
Percent of People with Each Score
Percentile by Number Answered
Your Score History
You have not taken this quiz